| 000 | 00367nam a22001577a 4500 | ||
|---|---|---|---|
| 003 | OSt | ||
| 005 | 20211202142435.0 | ||
| 008 | 211202b |||||||| |||| 00| 0 eng d | ||
| 040 | _cHU | ||
| 082 | _a657.3 | ||
| 100 |
_aGILMEN.STEPHEN _921539 |
||
| 245 | _aANALYZING FINANCIAL STATEMENTS | ||
| 260 |
_aNEW YORK _bU S A _c1939 |
||
| 300 | _a475 | ||
| 942 |
_2ddc _cBOOKS _n0 |
||
| 999 |
_c21182 _d21182 |
||